Swiss Football Logos - Statistics

General Stats
  • This quiz has been taken 221 times
  • The average score is 15 of 20
Answer Stats
Picture Answer % Correct
BSC Young Boys
96%
FC Basel 1893
96%
FC Zürich
91%
FC St. Gallen 1879
88%
Servette FC
88%
FC Lugano
85%
FC Sion
84%
FC Lausanne-Sport
82%
FC Luzern
81%
GC Zürich
76%
Neuchâtel Xamax FCS
74%
FC Thun
73%
Yverdon-Sport FC
72%
FC Vaduz
71%
FC Aarau
69%
FC Winterthur
67%
AC Bellinzona
60%
FC Schaffhausen
55%
FC Stade Lausanne-Ouchy
55%
FC Wil 1900
54%
No matching quizzes found
Score Distribution
Percent of People with Each Score
Percentile by Number Answered
Your Score History
You have not taken this quiz